| 000 | 00664nam a2200205 a 4500 | ||
|---|---|---|---|
| 005 | 20210223125611.0 | ||
| 008 | 050303s2003 mx r 000 0 spa d | ||
| 020 | _a9706666907 | ||
| 035 | _aUPN01000137756 | ||
| 049 | _aC | ||
| 050 | 4 |
_aGR931 _bT7.2 |
|
| 100 | 1 | _aTresidder, Jack | |
| 245 | 1 | 0 |
_aDiccionario de los símbolos : _buna guía ilustrada para imágenes, iconos y emblemas tradicionales / _cJack Tresidder. |
| 260 |
_aMéxico : _bTomo, _cc2003. |
||
| 300 |
_a254 p . : _bil. |
||
| 534 |
_pTraducción de: _tDictionary of symbols |
||
| 650 | 4 |
_aSIGNOS Y SIMBOLOS - _vDICCIONARIOS _923614 |
|
| 650 | 4 |
_aEMBLEMAS - _vDICCIONARIOS _920927 |
|
| 905 | _aLibro | ||
| 999 |
_c109907 _d109907 |
||